Visualizzazione normale
Vista MARC
- Reale, Giovanni,
di Personal Name
Records bibliografici associati: 4
001 - CONTROL NUMBER
- control field: 57115
003 - CONTROL NUMBER IDENTIFIER
- control field:
005 - DATE AND TIME OF LATEST TRANSACTION
- control field: 20180511093418.0
008 - FIXED-LENGTH DATA ELEMENTS
- fixed length control field: 180511|| aca||aabn | a|a d
040 ## - CATALOGING SOURCE
- Original cataloging agency:
- Transcribing agency:
100 ## - HEADING--PERSONAL NAME
- Personal name: Reale, Giovanni,
- Dates associated with a name: 1931-2014.
670 ## - SOURCE DATA FOUND
- Source citation: Work cat.: ()0: Stoici antichi :, 1998.